| 000 | 00000nam##2200000za#4500 |
| 001 | 9.640095 |
| 003 | CaOODSP |
| 005 | 20220328113318 |
| 007 | cr ||||||||||| |
| 008 | 150407|2007||||xxc|||||o f|0| 0 fre|d |
| 040 | |aCaOODSP|bfre |
| 043 | |an-cn--- |
| 086 | 1 |aIu44-58/2007F-PDF |
| 110 | 1 |aCanada. |bIndustrie Canada. |
| 245 | 10|aÉtablissement de cartes routières technologiques au Canada : |h[ressource électronique]|bguide d'élaboration |
| 260 | |aOttawa - Ontario : |bIndustrie Canada |c[2007]. |
| 300 | |a46p. |
| 500 | |aLe n° de catalogue (Iu44-58/2007) et l'ISBN (978-0-662-05303-3) de l'édition imprimée bilingue ont été incorrectement copiés dans la version électronique. |
| 590 | |a12-31-Supp|b2012-07-06 |
| 691 | 07|aCartographie|2gcpds |
| 691 | 07|aTechnologie|2gcpds |
| 775 | 08|tTechnology roadmapping in Canada : |w(CaOODSP)9.695982 |
| 856 | 40|ahttp://publications.gc.ca|qPDF|s714 Ko|uhttps://publications.gc.ca/collections/collection_2012/ic/Iu44-58-2007-fra.pdf |